Responses for Show #3613 - Wednesday, April 26, 2000

Contestants

[<< previous game]

Gigi Lehman, a home schooling mom from Miami, Florida

Alan Taber, a mechanical engineer from Lancaster, California

Greg Dwyer, a software developer from Houston, Texas (whose 2-day cash winnings total $10,400)

[next game >>]

Jeopardy! Round responses

LINCOLN SPEAKS!
UNION LABELS
THE COOL '70s
LITERARY TOURISM
(Alex: You have to name the actor in this category...)
TITLE FILM FOLK
"SUB" CATEGORY
    $100 8
Mark

Alan
    $100 9
Directors Guild of America

Alan
    $100 1
Waterbeds

Alan
    $100 21
Dylan Thomas

Alan
    $100 26
Denzel Washington

Greg
    $100 2
Suburb

Alan
    $200 13
Perish from the Earth

Gigi
    $200 17
United Farm Workers

Alan
    $200 4
Cosmopolitan

Greg
    $200 22
William Shakespeare

Gigi
    $200 27
(A: Who is Murphy?)

Matt Damon

GregAlan
    $200 3
Subtitle

Greg
    $300 14
Fool all of the people all of the time

Greg
    $300 18
Letter Carriers

Alan
    $300 5
Billie Jean King

Greg
    $300 23
Robert Burns

Greg
    $300 28
Omar Sharif

Gigi
    $300 10
Yellow Submarine

Gigi
    $400 15
(Greg: What is the pen?)

The ballot

Greg
Triple Stumper
    $400 19
Municipal

Alan
    $400 6
Centennial

Greg
    $800 24
Edgar Allan Poe

Greg
    $400 29
Gwyneth Paltrow

Alan
    $400 11
Subatomic particles

Alan
    $500 16
Charity

Alan
    $500 20
Longshoremen

Alan
    $500 7
(A: Who is Dr. Brothers?)

David Reuben

Alan
Triple Stumper
    $500 25
(with a minute to go...)

Robert Louis Stevenson

Greg
    $500 30
(Alan: Who are Jodie Foster and...)

Jodie Foster & Chow Yun-fat

AlanGigi
    $500 12
"Subterranean Homesick Blues"

Triple Stumper

Scores at the first commercial break (after clue 16):

Greg Alan Gigi
$1,000 $800 $500

Scores at the end of the Jeopardy! Round:

Greg Alan Gigi
$2,900 $2,000 $1,500

Double Jeopardy! Round responses

EXPLORATION
MYTHOLOGICAL WORDS & PHRASES
FIRST NAME'S THE SAME
THE PLAY'S THE THING
THE HISTORY OF RAP
SUB CATEGORY
    $200 11
Ponce de Leon

Alan
    $200 5
Pandora's Box

Gigi
    $200 16
Dwight

Greg
    $200 25
(less than a minute to go...)

"Frankenstein"

Alan
    $200 26
Fugees

Alan
    $200 6
(G: What are missiles?)

Torpedoes

GregAlan
    $400 12
Cambodia

Greg
    $400 4
Tantalize

Alan
    $400 17
Emily

Alan
    $4,000 24
"Barefoot in the Park"

Gigi
    $400 27
Tupac Shakur

Gigi
    $400 7
Undersea

Alan
    $600 13
(Gigi: What is the North Pole...Arctic Circle?)

Coming closest to the North Pole

AlanGigi
    $600 1
Atlas

Gigi
    $600 18
Bela

Greg
    $600 21
At the top of the stairs

Triple Stumper
    $600 28
"Original Gangster"

Alan
    $600 8
Snorkel

Alan
    $800 14
Mount Kenya

Alan
    $800 2
Ceres

Alan
    $800 19
Gustave

Alan
    $800 22
Charley

Gigi
    $800 29
Run-D.M.C.

Alan
    $800 9
Ballast tanks

Alan
    $1000 15
Tenochtitlan

Gigi
    $1,800 3
Bacchanalia

Alan
    $1000 20
Edith

Gigi
    $1000 23
(A: Who was Albee?)

Harold Pinter

Alan
Triple Stumper
    $1000 30
Wu-Tang Clan

Gigi
    $1000 10
Conning tower

Alan

Scores at the end of the Double Jeopardy! Round:

Greg Alan Gigi
$3,900 $11,600 $9,900

[wagering suggestions for these scores]

Final Jeopardy! Round responses

U.S. CITIES
GregWhat is Seattle?
$100
GigiWhat is Denver?
$2,100
AlanWhat is Denver?
$8,201
Denver

Final scores:

Greg Alan Gigi
$3,800 $19,801 $12,000
3rd place: TicketsNow.com Gift Certificate New champion: $19,801 2nd place: Trip to L'Auberge de Sedona, Arizona

Game dynamics:

Coryat scores:

Greg Alan Gigi
$3,500 $10,800 $6,300
13 R
(including 1 DD),
2 W
29 R
(including 1 DD),
4 W
13 R
(including 1 DD),
1 W

Combined Coryat: $20,600

[game clues] [game scores] [suggest correction]

Game tape date: Unknown
The J! Archive is created by fans, for fans. Scraping, republication, monetization, and malicious use prohibited; this site may use cookies and collect identifying information. See terms. The Jeopardy! game show and all elements thereof, including but not limited to copyright and trademark thereto, are the property of Jeopardy Productions, Inc. and are protected under law. This website is not affiliated with, sponsored by, or operated by Jeopardy Productions, Inc. Join the discussion at JBoard.tv.